000 00962nam a22002417a 4500
005 20170801102435.0
010 _a1617EN ENG-117178
020 _a9780143425328
_c399.00
035 _aB-649267-278
035 _aEN-100710
035 _aB-667255
037 _aDPL
_bAAKAR
082 _a220
100 _aSengupta, Hindol
245 _aBeing hindu /
_cby Hindol Sengupta
260 _aGurgaon
_bPenguin Books
_c2015
270 _a7th floor, infinity Toer C, DLF Cyber City
_bGurgaon (Haryana)
_e122002
300 _axxx,192p.
_c24cm(pbk)
500 _aincluds index
942 _2ddc
_cEN
_h220
_mSEN
999 _c102205
_d102205